[Event "St-Chély d'Aubrac op"]
[Site "Saint-Chély d'Aubrac (12)"]
[Date "2008.07.16"]
[Round "5.19"]
[White "Desboeufs, Claude"]
[Black "Roignot, Vincent"]
[Result "0-1"]
[WhiteElo "1564"]
[BlackElo "1540"]
[PlyCount "122"]
[EventDate "2008.07.??"]
[EventType "swiss"]
[EventRounds "9"]
[EventCountry "FRA"]

1. c4 e5 2. Nc3 Nf6 3. Nf3 Nc6 4. g3 Bc5 5. Bg2 O-O 6. O-O d6 7. e3 Re8 8. a3
a6 9. Ne2 e4 10. Ng5 Bf5 11. Bh3 Qd7 12. Kg2 Bxh3+ 13. Nxh3 Ne5 14. b3 Nf3 15.
Neg1 Nxg1 16. Rxg1 b5 17. Bb2 Ng4 18. Nf4 Ne5 19. d4 exd3 20. Nxd3 Nxd3 21.
Qxd3 bxc4 22. Qxc4 Qc6+ 23. Kf1 Qf3 24. Qf4 Qxf4 25. gxf4 f6 26. Rc1 a5 27. h4
h5 28. Ke2 Rab8 29. b4 axb4 30. axb4 Rxb4 31. Bxf6 Kf7 32. Ba1 g6 33. Rg5 Rxf4
34. Rcg1 Re6 35. Rh1 Ra4 36. Rg3 Bd4 37. Bxd4 Rxd4 38. Rc1 Rxh4 39. Rxc7+ Kf6
40. Rf3+ Kg5 41. Rb7 Ra4 42. Rb5+ Re5 43. Rg3+ Kh6 44. Rxe5 dxe5 45. Kf1 h4 46.
Rh3 Kh5 47. f3 e4 48. fxe4 Rxe4 49. Ke2 Kg4 50. Rh1 Kh5 51. Kf3 Rg4 52. e4 g5
53. e5 Ra4 54. e6 g4+ 55. Ke3 Ra6 56. Rf1 Rxe6+ 57. Kd4 Kg5 58. Kd5 Rf6 59.
Rxf6 Kxf6 60. Ke4 h3 61. Kf4 h2 0-1

[Event "St-Chély d'Aubrac op"]
[Site "Saint-Chély d'Aubrac (12)"]
[Date "2008.07.16"]
[Round "5.20"]
[White "Veys, Vincent"]
[Black "Manser, Lucas"]
[Result "1/2-1/2"]
[WhiteElo "1530"]
[BlackElo "1740"]
[PlyCount "52"]
[EventDate "2008.07.??"]
[EventType "swiss"]
[EventRounds "9"]
[EventCountry "FRA"]

1. e4 c5 2. Nf3 e6 3. d3 Nc6 4. g3 g6 5. Bg2 Bg7 6. O-O Nge7 7. Nc3 a6 8. Bg5
O-O 9. Qd2 d5 10. exd5 exd5 11. Rfe1 b6 12. Rab1 Be6 13. Bh6 Nf5 14. Bxg7 Nxg7
15. Qh6 Nf5 16. Qg5 Ng7 17. Qxd8 Rfxd8 18. Ng5 h6 19. Nxe6 fxe6 20. a3 b5 21.
Ne2 g5 22. Nc3 Rac8 23. Bh3 Nd4 24. Kg2 h5 25. f3 Kf7 26. Rbc1 c4 1/2-1/2

[Event "St-Chély d'Aubrac op"]
[Site "Saint-Chély d'Aubrac (12)"]
[Date "2008.07.16"]
[Round "5.22"]
[White "Rateau, Cyprien"]
[Black "De Biasi, Robert"]
[Result "0-1"]
[WhiteElo "1340"]
[BlackElo "1799"]
[PlyCount "62"]
[EventDate "2008.07.??"]
[EventType "swiss"]
[EventRounds "9"]
[EventCountry "FRA"]

1. e4 c5 2. Nf3 d6 3. g3 g6 4. c3 Bg7 5. d4 cxd4 6. cxd4 Nf6 7. Nc3 O-O 8. Bg2
a6 9. O-O Nc6 10. Bg5 Bd7 11. Re1 h6 12. Bf4 Re8 13. Be3 e6 14. Re2 Rb8 15. Qd2
Ng4 16. h3 Nxe3 17. fxe3 Na5 18. b3 b5 19. Rf2 Qc7 20. Rc1 Rbc8 21. Rff1 Qb6
22. Rb1 Bc6 23. Ne1 Ba8 24. a4 b4 25. Na2 Nc6 26. d5 exd5 27. Qxd5 Qxe3+ 28.
Kh2 Ne5 29. Qxd6 Bxe4 30. Bxe4 Qxe4 31. Ng2 Rc2 0-1

[Event "St-Chély d'Aubrac op"]
[Site "Saint-Chély d'Aubrac (12)"]
[Date "2008.07.16"]
[Round "5.23"]
[White "Martinez, Loic"]
[Black "Schneider, Alec"]
[Result "1-0"]
[WhiteElo "1737"]
[BlackElo "1199"]
[PlyCount "89"]
[EventDate "2008.07.??"]
[EventType "swiss"]
[EventRounds "9"]
[EventCountry "FRA"]

1. e4 e5 2. Nf3 Nc6 3. d4 d6 4. d5 Nce7 5. Bg5 f5 6. Nh4 Qd7 7. exf5 Nxf5 8.
Bd3 Nxh4 9. Qh5+ g6 10. Qxh4 Qf7 11. O-O Be7 12. Bb5+ Bd7 13. Bxd7+ Kxd7 14.
Qa4+ Kd8 15. Bxe7+ Nxe7 16. c4 Nf5 17. Nc3 Qd7 18. Qb4 b6 19. Ne2 Ke7 20. Rfe1
Kf7 21. Qc3 Rae8 22. Rac1 a5 23. a3 Rhf8 24. Qf3 Kg7 25. Qe4 Nd4 26. Nxd4 exd4
27. Qxd4+ Kg8 28. Rxe8 Rxe8 29. Kf1 Qe7 30. Qd2 Qe5 31. Re1 Qxe1+ 32. Qxe1
Rxe1+ 33. Kxe1 Kf7 34. f4 Kf6 35. g4 h6 36. Ke2 h5 37. h3 hxg4 38. hxg4 g5 39.
f5 Ke5 40. b4 a4 41. b5 Kf6 42. Kd3 Ke5 43. Kc3 Kf4 44. f6 Kxg4 45. f7 1-0

[Event "St-Chély d'Aubrac op"]
[Site "Saint-Chély d'Aubrac (12)"]
[Date "2008.07.16"]
[Round "5.24"]
[White "Caparros, Nina"]
[Black "Cuq, Christian"]
[Result "0-1"]
[WhiteElo "1199"]
[BlackElo "1680"]
[PlyCount "92"]
[EventDate "2008.07.??"]
[EventType "swiss"]
[EventRounds "9"]
[EventCountry "FRA"]

1. e4 d5 2. exd5 Qxd5 3. Nc3 Qa5 4. Nf3 Bf5 5. Bc4 e6 6. O-O Nf6 7. d3 c6 8.
Bd2 Qc7 9. a4 Bd6 10. Re1 O-O 11. d4 Nbd7 12. g3 Rac8 13. Bf1 Nb6 14. b3 Nbd5
15. Nxd5 cxd5 16. c3 Ne4 17. Rc1 Bg4 18. Bg2 Qb6 19. Qc2 Bxf3 20. Bxf3 Nxd2 21.
Qxd2 Qxb3 22. Bd1 Qc4 23. Qb2 b6 24. Bb3 Qc7 25. c4 dxc4 26. Rxc4 Qb8 27. Rxc8
Rxc8 28. d5 e5 29. Qe2 Qc7 30. Qd2 Qc3 31. Qe3 Qb2 32. Re2 Qc3 33. Rc2 Qa1+ 34.
Kg2 Rxc2 35. Bxc2 g6 36. h4 Qd4 37. Qg5 Qxd5+ 38. Kh3 Qh1+ 39. Kg4 h5+ 40. Qxh5
gxh5+ 41. Kxh5 Qf3+ 42. Kg5 Qxf2 43. Be4 Qxg3+ 44. Kh5 Be7 45. Bh7+ Kxh7 46. a5
Qxh4# 0-1

[Event "St-Chély d'Aubrac op"]
[Site "Saint-Chély d'Aubrac (12)"]
[Date "2008.07.16"]
[Round "5.25"]
[White "Saucey, Milena"]
[Black "Schneider, Martin"]
[Result "1/2-1/2"]
[WhiteElo "1580"]
[BlackElo "1199"]
[PlyCount "42"]
[EventDate "2008.07.??"]
[EventType "swiss"]
[EventRounds "9"]
[EventCountry "FRA"]

1. e4 e5 2. Nf3 d6 3. Bc4 Be7 4. c3 Nf6 5. d3 O-O 6. Nbd2 Nc6 7. d4 a6 8. Bb3
Bd7 9. h3 b5 10. O-O Qb8 11. a3 Qb6 12. d5 Na5 13. Re1 Nxb3 14. Qxb3 c5 15. Nf1
Rfc8 16. Ng3 g6 17. Qc2 Kg7 18. Bg5 h6 19. Bc1 Qd8 20. Qd2 Qh8 21. Nh2 Re8
1/2-1/2

[Event "St-Chély d'Aubrac op"]
[Site "Saint-Chély d'Aubrac (12)"]
[Date "2008.07.16"]
[Round "5.26"]
[White "Darnis, Lucas"]
[Black "Causse, Michel"]
[Result "1/2-1/2"]
[WhiteElo "1310"]
[BlackElo "1380"]
[PlyCount "30"]
[EventDate "2008.07.??"]
[EventType "swiss"]
[EventRounds "9"]
[EventCountry "FRA"]

1. e4 c6 2. d4 d5 3. exd5 cxd5 4. Nf3 Nf6 5. Bb5+ Nbd7 6. O-O e6 7. Bxd7+ Bxd7
8. Ne5 Bb5 9. Re1 Be7 10. Nc3 Ba6 11. h3 Rc8 12. Rb1 O-O 13. Bg5 h6 14. Bxf6
Bxf6 15. Na4 b6 1/2-1/2

[Event "St-Chély d'Aubrac op"]
[Site "Saint-Chély d'Aubrac (12)"]
[Date "2008.07.16"]
[Round "5.27"]
[White "Seewer, Kevin"]
[Black "Muheim, Jane"]
[Result "1-0"]
[WhiteElo "1399"]
[BlackElo "1190"]
[PlyCount "79"]
[EventDate "2008.07.??"]
[EventType "swiss"]
[EventRounds "9"]
[EventCountry "FRA"]

1. d4 d5 2. Nf3 c5 3. e3 e6 4. Bd3 Bd6 5. c4 Nf6 6. Nc3 O-O 7. O-O Nbd7 8. b3
b6 9. Bb2 Bb7 10. Rc1 Qc7 11. Nb5 Qb8 12. Nxd6 Qxd6 13. Ne5 Qc7 14. Nxd7 Qxd7
15. Re1 Rfe8 16. dxc5 Qe7 17. cxb6 axb6 18. a4 e5 19. cxd5 Bxd5 20. e4 Bb7 21.
Bb5 Red8 22. Qf3 Qe6 23. Bc4 Qg4 24. Qxg4 Nxg4 25. h3 Nxf2 26. Kxf2 Rd6 27.
Bxe5 Rd2+ 28. Re2 Rad8 29. Bc7 R8d4 30. Rxd2 Rxd2+ 31. Kf3 h6 32. Bxb6 Kh7 33.
Bxf7 Ba6 34. Bc4 Bc8 35. Be3 Rd6 36. e5 Bb7+ 37. Kf4 Rd8 38. e6 Rf8+ 39. Ke5
Rf2 40. Bxf2 1-0

[Event "St-Chély d'Aubrac op"]
[Site "Saint-Chély d'Aubrac (12)"]
[Date "2008.07.16"]
[Round "5.28"]
[White "Colombo, Maceo"]
[Black "Nusse, Melchior"]
[Result "1/2-1/2"]
[WhiteElo "1099"]
[BlackElo "1250"]
[PlyCount "57"]
[EventDate "2008.07.??"]
[EventType "swiss"]
[EventRounds "9"]
[EventCountry "FRA"]

1. e4 e5 2. Bc4 Nf6 3. d3 Bc5 4. h3 d6 5. Nf3 O-O 6. O-O Qe8 7. Nc3 Be6 8. Bg5
Qe7 9. Nd5 Bxd5 10. Bxd5 c6 11. Bc4 h6 12. Bh4 Nbd7 13. c3 b5 14. Bb3 Qe8 15.
d4 Bb6 16. d5 c5 17. c4 b4 18. a3 bxa3 19. Rxa3 Nxe4 20. Bc2 Nef6 21. Ba4 Bd8
22. Bc6 Rb8 23. Rxa7 Rxb2 24. Bxf6 Bxf6 25. Rxd7 Qb8 26. Qa1 e4 27. Ne1 Rc2 28.
Qa4 Rc1 29. Rb7 1/2-1/2

[Event "St-Chély d'Aubrac op"]
[Site "Saint-Chély d'Aubrac (12)"]
[Date "2008.07.16"]
[Round "6.1"]
[White "Degraeve, Jean-Marc"]
[Black "Sokolov, Andrei"]
[Result "1/2-1/2"]
[WhiteElo "2523"]
[BlackElo "2561"]
[PlyCount "25"]
[EventDate "2008.07.??"]
[EventType "swiss"]
[EventRounds "9"]
[EventCountry "FRA"]

1. e4 c5 2. Nf3 e6 3. c3 d5 4. exd5 Qxd5 5. d4 Nf6 6. Na3 Qd8 7. Nc2 Nc6 8. Be2
Be7 9. O-O O-O 10. dxc5 Bxc5 11. Qxd8 Rxd8 12. Be3 Bxe3 13. Nxe3 1/2-1/2

[Event "St-Chély d'Aubrac op"]
[Site "Saint-Chély d'Aubrac (12)"]
[Date "2008.07.16"]
[Round "6.2"]
[White "Karpatchev, Aleksandr"]
[Black "Riff, Jean-Noel"]
[Result "1/2-1/2"]
[WhiteElo "2460"]
[BlackElo "2481"]
[PlyCount "24"]
[EventDate "2008.07.??"]
[EventType "swiss"]
[EventRounds "9"]
[EventCountry "FRA"]

1. e4 c5 2. c3 d5 3. exd5 Qxd5 4. Nf3 Nf6 5. Na3 Nc6 6. Be2 e6 7. O-O Qd8 8. d4
cxd4 9. Nb5 a6 10. Nbxd4 Nxd4 11. Nxd4 Bd6 12. Bg5 Qc7 1/2-1/2

[Event "St-Chély d'Aubrac op"]
[Site "Saint-Chély d'Aubrac (12)"]
[Date "2008.07.16"]
[Round "6.4"]
[White "Netzer, Jacques"]
[Black "Furrer, Marc"]
[Result "1/2-1/2"]
[WhiteElo "2116"]
[BlackElo "2121"]
[PlyCount "61"]
[EventDate "2008.07.??"]
[EventType "swiss"]
[EventRounds "9"]
[EventCountry "FRA"]

1. e4 g6 2. d4 d6 3. Nc3 c6 4. f4 Bg7 5. Nf3 Bg4 6. Be3 Qb6 7. Qd2 Bxf3 8. gxf3
Nf6 9. O-O-O Nh5 10. Bh3 Nd7 11. Bg4 Qa5 12. e5 Nb6 13. Qd3 Qb4 14. a3 Qc4 15.
b3 Qxd3 16. Rxd3 f5 17. Bxh5 gxh5 18. Ne2 Nd5 19. Bd2 b5 20. Ng3 e6 21. Nxh5
Bf8 22. Bb4 a5 23. Bxd6 Bh6 24. Rg1 Kf7 25. h3 Rhg8 26. Rdd1 Nc3 27. Rxg8 Rxg8
28. Rd3 b4 29. axb4 axb4 30. Kb2 Nd5 31. Nf6 1/2-1/2

[Event "St-Chély d'Aubrac op"]
[Site "Saint-Chély d'Aubrac (12)"]
[Date "2008.07.16"]
[Round "6.5"]
[White "Desboeufs, Alexandre"]
[Black "Saucey, Michel"]
[Result "0-1"]
[WhiteElo "2026"]
[BlackElo "2348"]
[PlyCount "91"]
[EventDate "2008.07.??"]
[EventType "swiss"]
[EventRounds "9"]
[EventCountry "FRA"]

1. e4 c5 2. Nc3 Nc6 3. g3 g6 4. Bg2 Bg7 5. d3 d6 6. Be3 e5 7. Qd2 Nge7 8. Bh6
O-O 9. h4 Bxh6 10. Qxh6 f6 11. O-O-O Kh8 12. Qe3 Nd4 13. f4 Bg4 14. Rd2 b5 15.
Bh3 Bxh3 16. Nxh3 b4 17. Nd5 Nxd5 18. exd5 Qa5 19. Kb1 Nf5 20. Qf2 Nxg3 21. Rg1
Nh5 22. f5 Rg8 23. b3 Qc7 24. Qf3 Qd7 25. Rdg2 Qxf5 26. Qe3 Rg7 27. Nf2 Nf4 28.
Rg3 Nxd5 29. Qe1 Nf4 30. Ng4 Qe6 31. Rf1 Nh5 32. Rg2 f5 33. Nh6 Re8 34. Rg5 f4
35. Rf3 d5 36. Ng4 e4 37. Rf1 Rge7 38. d4 cxd4 39. Qxb4 Qb6 40. Qa4 Ng3 41. Re1
h5 42. Nf2 e3 43. Nd3 Ne4 44. Qa3 Nxg5 45. Nxf4 Nf3 46. Nxd5 0-1

[Event "St-Chély d'Aubrac op"]
[Site "Saint-Chély d'Aubrac (12)"]
[Date "2008.07.16"]
[Round "6.6"]
[White "Joli, Laurent"]
[Black "Stepenko, Roman"]
[Result "1/2-1/2"]
[WhiteElo "1911"]
[BlackElo "1580"]
[PlyCount "63"]
[EventDate "2008.07.??"]
[EventType "swiss"]
[EventRounds "9"]
[EventCountry "FRA"]

1. e4 c5 2. Nf3 d6 3. d4 cxd4 4. Nxd4 Nf6 5. Nc3 e6 6. Bc4 Be7 7. O-O O-O 8.
Bb3 Nc6 9. a3 a6 10. Be3 Qc7 11. Nxc6 bxc6 12. Re1 Bb7 13. Qe2 d5 14. Bg5 Nxe4
15. Nxe4 dxe4 16. Bxe7 Qxe7 17. Qxe4 c5 18. Qe3 Rad8 19. Rad1 Rxd1 20. Rxd1 Rd8
21. c3 Rxd1+ 22. Bxd1 Qd6 23. Be2 h6 24. Qd3 Qxd3 25. Bxd3 a5 26. f3 Kf8 27.
Kf2 Ke7 28. Ke3 Kd6 29. Bb5 g5 30. g3 f5 31. f4 g4 32. Kd3 1/2-1/2

[Event "St-Chély d'Aubrac op"]
[Site "Saint-Chély d'Aubrac (12)"]
[Date "2008.07.16"]
[Round "6.7"]
[White "Lagunes, Jean-Renaud"]
[Black "Labarthe, Arnaud"]
[Result "0-1"]
[WhiteElo "2047"]
[BlackElo "1899"]
[PlyCount "146"]
[EventDate "2008.07.??"]
[EventType "swiss"]
[EventRounds "9"]
[EventCountry "FRA"]

1. e4 d5 2. exd5 Nf6 3. d4 Bg4 4. f3 Bf5 5. Bd3 Bxd3 6. Qxd3 Qxd5 7. Nc3 Qd7 8.
Bg5 e6 9. Bxf6 gxf6 10. O-O-O Nc6 11. Nge2 O-O-O 12. a3 f5 13. Qb5 a6 14. Qa4
Rg8 15. g3 Ne7 16. Qb3 Qc6 17. Rd3 Nd5 18. Nxd5 exd5 19. Kb1 Qc4 20. Rc1 Bh6
21. f4 Rge8 22. Ng1 Re4 23. Nf3 Bg7 24. Rcd1 Bf6 25. Ne5 Bxe5 26. dxe5 Qxb3 27.
cxb3 Re2 28. R1d2 Rxd2 29. Rxd2 c6 30. b4 Kd7 31. Kc2 Ke6 32. Kd3 Kd7 33. Kd4
Kc7 34. Rc2 Kb6 35. b3 h5 36. a4 h4 37. Rc3 Rh8 38. Re3 Rh6 39. Rc3 hxg3 40.
Rxg3 Rh4 41. Ke3 Rxh2 42. Rg7 Rh3+ 43. Kd2 Rf3 44. Rxf7 Rxf4 45. a5+ Ka7 46.
Kc3 Rf3+ 47. Kd4 Rxb3 48. e6 Rxb4+ 49. Ke5 Re4+ 50. Kd6 d4 51. Rxf5 d3 52. Rf2
Rd4+ 53. Kc7 d2 54. e7 Re4 55. Rxd2 Rxe7+ 56. Kc8 Re5 57. Rd7 Re8+ 58. Kc7 Re5
59. Kc8 Rb5 60. Re7 c5 61. Rc7 c4 62. Rxc4 Rxa5 63. Kc7 Rb5 64. Rc3 a5 65. Rc2
Ka6 66. Rc4 Rb4 67. Rc5 a4 68. Rc2 Rb3 69. Rc4 Ka5 70. Rh4 a3 71. Rh5+ Rb5 72.
Rh4 a2 73. Rh8 Kb4 0-1

[Event "St-Chély d'Aubrac op"]
[Site "Saint-Chély d'Aubrac (12)"]
[Date "2008.07.16"]
[Round "6.9"]
[White "Boulier, Rene"]
[Black "Muheim, Sebastien"]
[Result "0-1"]
[WhiteElo "1924"]
[BlackElo "2013"]
[PlyCount "56"]
[EventDate "2008.07.??"]
[EventType "swiss"]
[EventRounds "9"]
[EventCountry "FRA"]

1. e4 c5 2. Nc3 a6 3. a4 d6 4. f4 g6 5. Nf3 Bg7 6. Bc4 e6 7. Ba2 Nc6 8. O-O
Nge7 9. d3 O-O 10. Qe1 b5 11. axb5 axb5 12. Nxb5 Nb4 13. Na3 Nec6 14. Bb3 d5
15. e5 f6 16. Bd2 fxe5 17. fxe5 Nxe5 18. Nxe5 Rxf1+ 19. Kxf1 Qf6+ 20. Nf3 Qxb2
21. Bxb4 cxb4 22. Ra2 bxa3 23. Bxd5 Bc3 24. Bxe6+ Kf8 25. Qe4 Qb1+ 26. Ke2 Ra7
27. Qf4+ Kg7 28. Qb8 Qxb8 0-1

[Event "St-Chély d'Aubrac op"]
[Site "Saint-Chély d'Aubrac (12)"]
[Date "2008.07.16"]
[Round "6.10"]
[White "Baeumlin, Francois"]
[Black "Mayet, Lucas"]
[Result "1-0"]
[WhiteElo "1995"]
[BlackElo "1695"]
[PlyCount "57"]
[EventDate "2008.07.??"]
[EventType "swiss"]
[EventRounds "9"]
[EventCountry "FRA"]

1. e4 c5 2. Nf3 d6 3. Bc4 e6 4. O-O Nc6 5. c3 Nf6 6. Re1 Be7 7. d4 cxd4 8. cxd4
O-O 9. Nc3 Qc7 10. Bg5 a6 11. Rc1 b5 12. Nxb5 Qb6 13. Nc3 Qxb2 14. Na4 Qb7 15.
Rb1 Qc7 16. Nb6 Ra7 17. Qe2 Bb7 18. Rec1 Qd8 19. d5 exd5 20. exd5 Na5 21. Be3
Ne4 22. Nd7 Qxd7 23. Bxa7 Nf6 24. Bxa6 Bxd5 25. Bb6 Nc6 26. a4 Rb8 27. a5 Be4
28. Bb5 Bxb1 29. Bxc6 1-0

[Event "St-Chély d'Aubrac op"]
[Site "Saint-Chély d'Aubrac (12)"]
[Date "2008.07.16"]
[Round "6.11"]
[White "Robert, Thierry"]
[Black "Kiecken, Jean-Marc"]
[Result "0-1"]
[WhiteElo "1862"]
[BlackElo "1978"]
[PlyCount "62"]
[EventDate "2008.07.??"]
[EventType "swiss"]
[EventRounds "9"]
[EventCountry "FRA"]

1. e4 e6 2. d4 d5 3. Nc3 Bb4 4. a3 Bxc3+ 5. bxc3 dxe4 6. f3 exf3 7. Nxf3 c5 8.
Bd3 Nf6 9. O-O Nc6 10. Bg5 cxd4 11. cxd4 Nxd4 12. Ne5 Nc6 13. Nxc6 bxc6 14. Be3
a5 15. Qe2 Qd5 16. Rad1 Qh5 17. Rf3 O-O 18. Qf1 e5 19. Rg3 Bg4 20. Qxf6 gxf6
21. h3 f5 22. Be2 Kh8 23. hxg4 Qg6 24. Rh3 f4 25. Bb6 Qxc2 26. Kf2 Kg7 27. g5
f6 28. gxf6+ Rxf6 29. Rd7+ Rf7 30. Rd1 Rb7 31. Rdh1 Rxb6 0-1

[Event "St-Chély d'Aubrac op"]
[Site "Saint-Chély d'Aubrac (12)"]
[Date "2008.07.16"]
[Round "6.12"]
[White "Huin, Eric"]
[Black "Mourgues, Joelle"]
[Result "1/2-1/2"]
[WhiteElo "1956"]
[BlackElo "1767"]
[PlyCount "94"]
[EventDate "2008.07.??"]
[EventType "swiss"]
[EventRounds "9"]
[EventCountry "FRA"]

1. e4 c5 2. Nf3 d6 3. d4 cxd4 4. Nxd4 a6 5. c4 Nf6 6. Nc3 g6 7. Be2 Bg7 8. O-O
O-O 9. Be3 Nbd7 10. f4 Nc5 11. Bf3 Rb8 12. Rc1 Bd7 13. b4 Ne6 14. Nd5 Ne8 15.
Nxe6 Bxe6 16. Bb6 Qd7 17. Ba7 Bxd5 18. Bxb8 Bxc4 19. Rxc4 b5 20. Rc2 Qb7 21.
Kh1 Qxb8 22. Qc1 Qb6 23. Rd1 a5 24. bxa5 Qxa5 25. Qd2 Qxd2 26. Rdxd2 b4 27. Rc8
Bc3 28. Rc2 Bd4 29. R2c6 Nf6 30. Rxf8+ Kxf8 31. Rc4 Bc5 32. Bd1 Nd7 33. Bb3 Nb6
34. Rc2 h6 35. g4 g5 36. f5 Kg7 37. e5 Nd7 38. exd6 exd6 39. Kg2 Ne5 40. h3 Kf6
41. Kg3 h5 42. gxh5 Kxf5 43. Rc1 Kf6 44. Rf1+ Kg7 45. h6+ Kxh6 46. Bxf7 Kg7 47.
Bb3 Be3 1/2-1/2

[Event "St-Chély d'Aubrac op"]
[Site "Saint-Chély d'Aubrac (12)"]
[Date "2008.07.16"]
[Round "6.13"]
[White "Griggio, Jean-Paul"]
[Black "Tanguy, Fabien"]
[Result "1-0"]
[WhiteElo "1798"]
[BlackElo "2062"]
[PlyCount "85"]
[EventDate "2008.07.??"]
[EventType "swiss"]
[EventRounds "9"]
[EventCountry "FRA"]

1. d4 d5 2. Nf3 Nf6 3. c4 c6 4. g3 Bg4 5. Nbd2 Nbd7 6. Qb3 dxc4 7. Qxc4 Nb6 8.
Qc2 e6 9. Bg2 Bb4 10. e3 Bf5 11. Qb3 Bd6 12. O-O O-O 13. Nh4 Bg4 14. Re1 e5 15.
dxe5 Bxe5 16. Nhf3 Bd6 17. Nd4 Qd7 18. Ne4 Nxe4 19. Bxe4 c5 20. Ne2 c4 21. Qc2
f5 22. Bg2 Rad8 23. Rd1 Qf7 24. f3 Bh5 25. Bd2 Bg6 26. f4 Bh5 27. Be1 Bc5 28.
Bf2 Qe7 29. Rxd8 Rxd8 30. Nd4 g6 31. h3 Rc8 32. a3 Qd7 33. Rc1 Kg7 34. Qc3 Kh6
35. Qd2 Rd8 36. Qa5 Bxd4 37. exd4 Ra8 38. d5 Na4 39. Rxc4 Nxb2 40. Rc7 Qd8 41.
Qc3 Qh8 42. Bd4 Nd1 43. Bg7+ 1-0

[Event "St-Chély d'Aubrac op"]
[Site "Saint-Chély d'Aubrac (12)"]
[Date "2008.07.16"]
[Round "6.14"]
[White "Duffau, Pascal"]
[Black "Carno, Matthias"]
[Result "1/2-1/2"]
[WhiteElo "2019"]
[BlackElo "1956"]
[PlyCount "46"]
[EventDate "2008.07.??"]
[EventType "swiss"]
[EventRounds "9"]
[EventCountry "FRA"]

1. Nf3 g6 2. c4 Bg7 3. d4 Nf6 4. Nc3 d6 5. e4 O-O 6. Be2 Nbd7 7. O-O e5 8. d5
Nh5 9. Ne1 f5 10. Bxh5 gxh5 11. Qxh5 Nf6 12. Qe2 f4 13. f3 Nh5 14. Qf2 Bf6 15.
g4 fxg3 16. hxg3 Rf7 17. Ng2 Bg5 18. Ne2 Bg4 19. Nef4 exf4 20. gxf4 Bxf4 21.
Bxf4 Rxf4 22. Nxf4 Nxf4 23. Kh2 Bd7 1/2-1/2

[Event "St-Chély d'Aubrac op"]
[Site "Saint-Chély d'Aubrac (12)"]
[Date "2008.07.16"]
[Round "6.15"]
[White "Guillaumat, Jean-Pierre"]
[Black "Paris, Yannick"]
[Result "1/2-1/2"]
[WhiteElo "1969"]
[BlackElo "1793"]
[PlyCount "62"]
[EventDate "2008.07.??"]
[EventType "swiss"]
[EventRounds "9"]
[EventCountry "FRA"]

1. d4 Nf6 2. Nf3 g6 3. c4 Bg7 4. Nc3 d5 5. e3 O-O 6. h3 c6 7. a4 Nbd7 8. Bd2
Re8 9. cxd5 Nxd5 10. Nxd5 cxd5 11. Bb5 a6 12. Bxd7 Bxd7 13. O-O Rc8 14. Qb3 Bc6
15. Bc3 f6 16. Rfd1 e6 17. Rd2 Bf8 18. a5 Kf7 19. Qd1 Bd6 20. Rc2 Qe7 21. Qe1
Rc7 22. Rcc1 Rec8 23. Nd2 f5 24. f4 g5 25. fxg5 Qxg5 26. Nf3 Qg3 27. Qxg3 Bxg3
28. Be1 Bxe1 29. Nxe1 Bb5 30. Rxc7+ Rxc7 31. Kf2 Rc4 1/2-1/2

[Event "St-Chély d'Aubrac op"]
[Site "Saint-Chély d'Aubrac (12)"]
[Date "2008.07.16"]
[Round "6.16"]
[White "Lagunes, Robin"]
[Black "Roignot, Vincent"]
[Result "1-0"]
[WhiteElo "1825"]
[BlackElo "1540"]
[PlyCount "47"]
[EventDate "2008.07.??"]
[EventType "swiss"]
[EventRounds "9"]
[EventCountry "FRA"]

1. e4 e5 2. Nf3 Nc6 3. Bc4 Bc5 4. Qe2 Nf6 5. Ng5 O-O 6. Nxf7 Rxf7 7. Bxf7+ Kxf7
8. Qc4+ Ke8 9. Qxc5 Nxe4 10. Qe3 d5 11. d3 Nd4 12. Na3 Nf6 13. Qxe5+ Ne6 14.
O-O Bd7 15. Bg5 Ng4 16. Qxd5 Qxg5 17. Qxb7 Rc8 18. Rae1 Kd8 19. Qb3 Qg6 20. Re4
Nf6 21. Rxe6 Bxe6 22. Qxe6 Rb8 23. Nc4 Rb5 24. Ne5 1-0

[Event "St-Chély d'Aubrac op"]
[Site "Saint-Chély d'Aubrac (12)"]
[Date "2008.07.16"]
[Round "6.17"]
[White "De Biasi, Robert"]
[Black "Veys, Vincent"]
[Result "1/2-1/2"]
[WhiteElo "1799"]
[BlackElo "1530"]
[PlyCount "135"]
[EventDate "2008.07.??"]
[EventType "swiss"]
[EventRounds "9"]
[EventCountry "FRA"]

1. c4 e5 2. Nc3 Nf6 3. e4 Nc6 4. Nge2 Bc5 5. d3 Ng4 6. d4 Nxd4 7. Nxd4 Bxd4 8.
Qxg4 Qf6 9. Qf3 Qg6 10. Bd3 d6 11. O-O Be6 12. Nd5 Bb6 13. Nxb6 axb6 14. Qg3
Qf6 15. b3 h6 16. Bb2 O-O-O 17. f4 Rhg8 18. fxe5 Qe7 19. Ba3 Qd7 20. exd6 cxd6
21. Rad1 Qc6 22. Bc2 Kc7 23. Rd2 Rd7 24. Rfd1 Rgd8 25. Bd3 g5 26. Re1 Re8 27.
Be2 Red8 28. Bf3 b5 29. cxb5 Qxb5 30. Rc1+ Kb8 31. Rdc2 Qb6+ 32. Kh1 Qb5 33.
Bg4 Bxg4 34. Qxg4 Qd3 35. h3 Qa6 36. Bb2 d5 37. Bf6 Qxf6 38. exd5 Rxd5 39. Rc8+
Rxc8 40. Qxc8+ Ka7 41. Qc4 Qd6 42. Qf1 Qd7 43. Qf2+ Kb8 44. Re1 f5 45. Qb2 Rd6
46. Qe5 Ka8 47. Qh8+ Ka7 48. Qc3 Kb8 49. a4 Rc6 50. Qe5+ Ka8 51. b4 Ka7 52. b5
Rd6 53. Qe3+ Ka8 54. Qc5 Rd1 55. Rxd1 Qxd1+ 56. Kh2 Qxa4 57. Qxf5 Qf4+ 58. Qxf4
gxf4 59. Kg1 Ka7 60. Kf2 Kb6 61. Kf3 Kxb5 62. Kxf4 Kc4 63. g4 b5 64. h4 b4 65.
g5 hxg5+ 66. hxg5 b3 67. g6 b2 68. g7 1/2-1/2

[Event "St-Chély d'Aubrac op"]
[Site "Saint-Chély d'Aubrac (12)"]
[Date "2008.07.16"]
[Round "6.18"]
[White "Messinger, Karl"]
[Black "Saucey, Capucine"]
[Result "1-0"]
[WhiteElo "1703"]
[BlackElo "1770"]
[PlyCount "66"]
[EventDate "2008.07.??"]
[EventType "swiss"]
[EventRounds "9"]
[EventCountry "FRA"]

1. e4 e5 2. Nf3 Nc6 3. Bb5 a6 4. Ba4 Nf6 5. O-O Be7 6. Re1 b5 7. Bb3 O-O 8. c3
d5 9. exd5 Nxd5 10. Nxe5 Nxe5 11. Rxe5 c6 12. Bxd5 cxd5 13. d4 Bd6 14. Re1 Qh4
15. g3 Qh3 16. Qf3 Bg4 17. Qxd5 Rad8 18. Qg2 Qh5 19. Be3 f5 20. f4 Bf3 21. Qf2
Rf6 22. Nd2 Bd5 23. Qe2 Qh3 24. Nf3 Rg6 25. Qf2 Re8 26. Ne5 Rh6 27. Bd2 Ree6
28. b3 Rh5 29. Re2 Be4 30. Bc1 g5 31. Be3 Be7 32. fxg5 Bxg5 33. Bxg5 Rxg5 1-0

[Event "St-Chély d'Aubrac op"]
[Site "Saint-Chély d'Aubrac (12)"]
[Date "2008.07.16"]
[Round "6.19"]
[White "Griggio, Julie"]
[Black "Desboeufs, Claude"]
[Result "0-1"]
[WhiteElo "1760"]
[BlackElo "1564"]
[PlyCount "90"]
[EventDate "2008.07.??"]
[EventType "swiss"]
[EventRounds "9"]
[EventCountry "FRA"]

1. e4 d6 2. d4 Nf6 3. Nc3 g6 4. Nf3 Bg7 5. Be2 O-O 6. O-O Nc6 7. Be3 Nd7 8. Qd2
e5 9. d5 Ne7 10. Bh6 f5 11. Bxg7 Kxg7 12. Ng5 Nc5 13. b4 Nxe4 14. Ncxe4 fxe4
15. Nxe4 Bf5 16. Bf3 Qd7 17. Ng3 Rf7 18. Be4 Raf8 19. c4 b6 20. a4 h6 21. Qd3
Bxe4 22. Qxe4 Rf4 23. Qd3 Rd4 24. Qc3 Rff4 25. c5 Nxd5 26. c6 Qf7 27. Qc2 Rc4
28. Qd3 Nxb4 29. Qd2 Nxc6 30. Ne2 Rf6 31. Nc3 Rd4 32. Qe2 Qc4 33. Qe1 Rdf4 34.
Nb5 Rf7 35. Qd2 Qb4 36. Qd5 Qc5 37. Qd2 Qb4 38. Qd5 Qc4 39. Qd2 Nd4 40. Qb2
Ne2+ 41. Kh1 Rxf2 42. Rxf2 Rxf2 43. Qa3 Qe4 44. Qh3 Qf5 45. g4 Qe4+ 0-1